Obliba fulfillmentu v e-commerce roste

Fulfillment v logistike je jeden z posledných prejavov deľby práce. Výhodou je pre firmy z oblasti e-commerce, pretože môžu prenechať logistiku partnerovi. Dôležité body v fulfillmente logistiky.

Gespeichert in:
Bibliographische Detailangaben
1. Verfasser: Toman, Pavel
Format: Buchkapitel
Sprache:Tschechisch
Schlagworte:
Tags: Tag hinzufügen
Keine Tags, Fügen Sie das erste Tag hinzu!

MARC

LEADER 00000naa a2200000 4500
001 0288198
005 20240417075216.4
041 0 |a cze 
044 |a CZ 
245 1 0 |a Obliba fulfillmentu v e-commerce roste  |c Pavel Toman 
520 |a Fulfillment v logistike je jeden z posledných prejavov deľby práce. Výhodou je pre firmy z oblasti e-commerce, pretože môžu prenechať logistiku partnerovi. Dôležité body v fulfillmente logistiky. 
610 2 0 |a obchod zásielkový 
610 2 0 |a obchod 
610 2 0 |a obchod elektronický 
610 2 0 |a predaj zásielkový 
610 2 0 |a logistika 
610 2 0 |a partneri obchodní 
610 2 0 |a outsourcing 
610 2 0 |a pandémia 
610 2 0 |a technológie nové 
610 2 0 |a zákazníci 
100 1 |a Toman, Pavel